000 01359aam a2200325 a 4500
003 BLK
005 20250729100509.0
008 181012b bu ||||| |||| 00| 0 bu d
020 _a9786191991716
020 _a3800083820437
040 _aBLK
041 _aBUL
_cBUL
080 _aТехника на транспортните средства
_b629
_x:087.5
_z629:087.5
100 _9334904
_aДжоунс, Роб Лойд
245 _aПревозни средства
_cтекст Роб Лойд Джоунс ; ил. Стефано Тонети ; прев. Живко Николчев
260 _bФют
_c2018
_aСофия
300 _a13 с.
_bс цв. ил.
_c23 см
380 _aDN
440 _aОткриватели
_9390050
500 _aОриг. загл.: Look inside things that go. - Кн. отпеч. на ламиниран картон
650 7 _9167551
_aПревозни средства
650 7 _9156309
_aИздания - за деца
653 7 _9184826
_aдетска литература
700 _9344811
_aНиколчев, Живко Любомиров
_eпрев.
700 _9455281
_aТонети, Стефано
852 _bД
942 _cKNG
_2udc
_n0
_024
944 _k30551
_lБояна Костадинова
_aED
_c23
999 _c323065
_d323065